[Event "SR 2. liga A 2011/2012"]
[Site "?"]
[Date "2012.01.07"]
[Round "39.4"]
[White "Janos, Jozef"]
[Black "Kimerling, Martin"]
[Result "1-0"]
[WhiteElo "2145"]
[BlackElo "2015"]
[PlyCount "65"]
[EventDate "2011.??.??"]
[WhiteTeam "Slovakia"]
[BlackTeam "Slovakia"]
[WhiteTeamCountry "SVK"]
[BlackTeamCountry "SVK"]

1. d4 c5 2. d5 e6 3. c4 exd5 4. cxd5 d6 5. e4 Nf6 6. Nc3 g6 7. Nf3 Bg7 8. Bb5+
Nbd7 9. a4 O-O 10. O-O a6 11. Be2 Re8 12. Nd2 Rb8 13. Qc2 Nb6 14. a5 Na8 15.
Nc4 b5 16. axb6 Nxb6 17. Na5 Ra8 18. Bf4 Nxe4 19. Nxe4 Bf5 20. Bf3 Nxd5 21. Bd2
Qh4 22. g3 Bxe4 23. gxh4 Bxc2 24. Bxd5 Rab8 25. Bc3 Bxc3 26. bxc3 Bd3 27. Rfd1
Be2 28. Rd2 Kg7 29. Re1 Bf3 30. Rc1 Be2 31. c4 Rb4 32. Nb7 Rb8 33. Rxe2 1-0

[Event "SR 2. liga A 2011/2012"]
[Site "?"]
[Date "2012.01.07"]
[Round "39.5"]
[White "Padysak, Tomas"]
[Black "Hajek, Lukas"]
[Result "0-1"]
[WhiteElo "2025"]
[BlackElo "2038"]
[PlyCount "72"]
[EventDate "2011.??.??"]
[WhiteTeam "Slovakia"]
[BlackTeam "Slovakia"]
[WhiteTeamCountry "SVK"]
[BlackTeamCountry "SVK"]

1. e4 e6 2. d3 d5 3. Nd2 c5 4. Ngf3 Nc6 5. g3 g6 6. Bg2 Bg7 7. O-O Nge7 8. Re1
b6 9. c3 a5 10. Nf1 Ba6 11. e5 Qc7 12. Qe2 h6 13. h4 O-O-O 14. N1h2 g5 15. hxg5
Ng6 16. Ng4 h5 17. Nf6 Bxf6 18. gxf6 h4 19. gxh4 Nxh4 20. Nxh4 Rxh4 21. Bg5 Rh7
22. f4 Rdh8 23. Kf2 Qd8 24. Qe3 Qg8 25. d4 Rh2 26. dxc5 Qh7 27. Qg3 Qc2+ 28.
Kg1 bxc5 29. b3 Qh7 30. c4 Rh1+ 31. Kf2 Qc2+ 32. Re2 Qxe2+ 33. Kxe2 Rxa1 34.
Kd3 Rxa2 35. f5 Bxc4+ 36. Kc3 Nb4 0-1

[Event "SR 2. liga A 2011/2012"]
[Site "?"]
[Date "2012.01.07"]
[Round "39.6"]
[White "Chovanec, Vladimir"]
[Black "Sklars, Tomas"]
[Result "1-0"]
[WhiteElo "2114"]
[BlackElo "1898"]
[PlyCount "47"]
[EventDate "2011.??.??"]
[WhiteTeam "Slovakia"]
[BlackTeam "Slovakia"]
[WhiteTeamCountry "SVK"]
[BlackTeamCountry "SVK"]

1. e4 c5 2. Nc3 g6 3. f4 Bg7 4. Nf3 d6 5. Bb5+ Bd7 6. Bc4 Bc6 7. d3 e6 8. O-O
Ne7 9. Qe1 a6 10. a4 O-O 11. Bb3 Nd7 12. Qh4 Re8 13. f5 gxf5 14. Ng5 Nf6 15.
exf5 c4 16. Bxc4 d5 17. fxe6 Kf8 18. Nxh7+ Nxh7 19. Qxh7 Qb6+ 20. Kh1 f5 21.
Bh6 Qd4 22. Qh8+ Ng8 23. Bxg7+ Qxg7 24. Rxf5+ 1-0

[Event "SR 2. liga A 2011/2012"]
[Site "?"]
[Date "2012.01.07"]
[Round "39.7"]
[White "Rozarova, Katarina"]
[Black "Orolin, Peter"]
[Result "1/2-1/2"]
[WhiteElo "1651"]
[BlackElo "2074"]
[PlyCount "92"]
[EventDate "2011.??.??"]
[WhiteTeam "Slovakia"]
[BlackTeam "Slovakia"]
[WhiteTeamCountry "SVK"]
[BlackTeamCountry "SVK"]

1. c4 e6 2. Nc3 d5 3. cxd5 exd5 4. d4 Nf6 5. Nf3 Be7 6. Bf4 c6 7. h3 Bf5 8. e3
Nbd7 9. Nh4 Be6 10. Bd3 Ne4 11. Nf3 f5 12. Ne5 O-O 13. O-O Bf6 14. Nxd7 Qxd7
15. Rc1 Kh8 16. b4 b5 17. Rc2 a5 18. a3 axb4 19. axb4 Ra3 20. Nb1 Rb3 21. f3
Ng5 22. Qd2 Ra8 23. Rb2 Rxb2 24. Qxb2 Nf7 25. Nd2 Be7 26. e4 Ra4 27. Qc2 dxe4
28. fxe4 Qxd4+ 29. Kh1 Qd7 30. exf5 Bd5 31. Be3 Ra2 32. Qb1 Ne5 33. Bc2 Bf6 34.
Ne4 Bxe4 35. Qxa2 Bd5 36. Qb1 Nc4 37. Qe1 Nxe3 38. Qxe3 h6 39. Be4 Bc4 40. Re1
Qd6 41. Rb1 Ba2 42. Re1 Bf7 43. Qa7 Qxb4 44. Qa8+ Kh7 45. Re2 Qc4 46. Re1 Qb4
1/2-1/2

[Event "SR 2. liga A 2011/2012"]
[Site "?"]
[Date "2012.01.07"]
[Round "39.8"]
[White "Hefka, Vladimir"]
[Black "Vrtiakova, Anna"]
[Result "1/2-1/2"]
[WhiteElo "1976"]
[BlackElo "1540"]
[PlyCount "62"]
[EventDate "2011.??.??"]
[WhiteTeam "Slovakia"]
[BlackTeam "Slovakia"]
[WhiteTeamCountry "SVK"]
[BlackTeamCountry "SVK"]

1. d4 d5 2. g3 Nf6 3. Bg2 Bf5 4. Nf3 h6 5. O-O e6 6. Nbd2 Bd6 7. c4 O-O 8. Re1
c6 9. Ne5 Nbd7 10. Nxd7 Qxd7 11. e4 dxe4 12. Nxe4 Be7 13. b3 Rad8 14. Bb2 Nxe4
15. Bxe4 Bxe4 16. Rxe4 Bf6 17. Qe2 Rfe8 18. Re1 b6 19. h4 Qc8 20. f4 c5 21. d5
Bxb2 22. Qxb2 exd5 23. Rxe8+ Rxe8 24. Rxe8+ Qxe8 25. cxd5 Qe1+ 26. Kh2 f6 27.
Qc2 Kf7 28. h5 Kf8 29. a4 a5 30. Qf5 Qf2+ 31. Kh3 Qf1+ 1/2-1/2

[Event "SR 2. liga A 2011/2012"]
[Site "?"]
[Date "2012.01.07"]
[Round "40.1"]
[White "Kleman, Miroslav"]
[Black "Vlcek, Stanislav"]
[Result "1/2-1/2"]
[WhiteElo "2230"]
[BlackElo "2330"]
[PlyCount "20"]
[EventDate "2011.??.??"]
[WhiteTeam "Slovakia"]
[BlackTeam "Slovakia"]
[WhiteTeamCountry "SVK"]
[BlackTeamCountry "SVK"]

1. e4 e5 2. Nf3 Nf6 3. Nxe5 d6 4. Nf3 Nxe4 5. Qe2 Qe7 6. d3 Nf6 7. Bg5 Qxe2+ 8.
Bxe2 Be7 9. Nbd2 d5 10. Nf1 h6 1/2-1/2

[Event "SR 2. liga A 2011/2012"]
[Site "?"]
[Date "2012.01.07"]
[Round "40.2"]
[White "Todor, Razvan"]
[Black "Tepper, Frantisek"]
[Result "1/2-1/2"]
[WhiteElo "2199"]
[BlackElo "2163"]
[PlyCount "28"]
[EventDate "2011.??.??"]
[WhiteTeam "Slovakia"]
[BlackTeam "Slovakia"]
[WhiteTeamCountry "SVK"]
[BlackTeamCountry "SVK"]

1. c4 Nf6 2. g3 e5 3. Bg2 c6 4. d4 d6 5. Nf3 e4 6. Nfd2 d5 7. f3 e3 8. Nf1 Bb4+
9. Nc3 Qa5 10. Qd3 dxc4 11. Qxe3+ Be6 12. Bd2 O-O 13. a3 Nd5 14. Nxd5 Bxd2+
1/2-1/2

[Event "SR 2. liga A 2011/2012"]
[Site "?"]
[Date "2012.01.07"]
[Round "40.3"]
[White "Certek, Pavel"]
[Black "Petrik, Stanislav"]
[Result "1-0"]
[WhiteElo "2322"]
[BlackElo "2165"]
[PlyCount "119"]
[EventDate "2011.??.??"]
[WhiteTeam "Slovakia"]
[BlackTeam "Slovakia"]
[WhiteTeamCountry "SVK"]
[BlackTeamCountry "SVK"]

1. d4 Nf6 {(Ng8-f6 Nb1-c3 d7-d5 Bc1-f4 Bc8-f5 Ng1-f3 e7-e6 Nf3-h4 Nf6-h5
Nh4xf5 Nh5xf4 e2-e3 Nf4-g6 Nf5-g3 Nb8-c6 Bf1-b5 Bf8-d6 Bb5xc6+ b7xc6 O-O O-O)
-0.13/15 6} 2. c4 e6 3. Nf3 b6 4. e3 Bb7 5. Bd3 c5 6. Nc3 Nc6 7. O-O cxd4 8.
exd4 d5 9. Be3 dxc4 10. Bxc4 Be7 11. a3 Rc8 12. Qe2 O-O 13. Rac1 Re8 14. Rfd1
Bd6 15. Bg5 h6 16. Bh4 Ne7 17. Ne5 Nf5 18. Bg3 Re7 19. Ba2 a6 20. Bf4 Nd5 21.
Nxd5 Bxd5 22. Bxd5 exd5 23. Qg4 Rxc1 24. Rxc1 Bxe5 25. Bxe5 Qd7 26. h3 Qe6 27.
Kh2 Kh7 28. Rc3 f6 29. Bc7 b5 30. Bd8 Re8 31. Bc7 Qe4 32. Bb6 Qb1 33. Rf3 g6
34. Re3 Rxe3 35. fxe3 Qxb2 36. Qf4 Qxa3 37. Bc5 Qa5 38. Qb8 g5 39. Qb7+ Kg6 40.
Qd7 Qe1 41. Qe8+ Kg7 42. Bf8+ Kh7 43. Qf7+ Kh8 44. Qxf6+ Kg8 45. Qxf5 Qxe3 46.
Bxh6 Qxd4 47. Bxg5 b4 48. Bf6 Qe4 49. Qxe4 dxe4 50. Be7 a5 51. Bc5 Kf7 52. h4
Ke6 53. h5 Kf5 54. g4+ Kg5 55. Kg3 b3 56. Ba3 a4 57. Bb2 e3 58. Kf3 e2 59. Kxe2
Kxg4 60. h6 1-0

[Event "SR 2. liga A 2011/2012"]
[Site "?"]
[Date "2012.01.07"]
[Round "40.4"]
[White "Petrik, Karol"]
[Black "Fabry, Robert"]
[Result "1-0"]
[WhiteElo "2082"]
[BlackElo "2177"]
[PlyCount "45"]
[EventDate "2011.??.??"]
[WhiteTeam "Slovakia"]
[BlackTeam "Slovakia"]
[WhiteTeamCountry "SVK"]
[BlackTeamCountry "SVK"]

1. e4 e5 2. Nf3 Nc6 3. d4 exd4 4. c3 d5 5. exd5 Qxd5 6. cxd4 Bg4 7. Be2 O-O-O
8. Nc3 Bb4 9. O-O Qa5 10. Be3 Nf6 11. h3 Bh5 12. Qb3 Rhe8 13. a3 Bxc3 14. bxc3
Nd5 15. Rab1 Nxc3 16. Qxb7+ Kd7 17. Bb5 Bxf3 18. gxf3 Nxb5 19. Rxb5 Qa4 20. Rc1
Re6 21. d5 Rg6+ 22. Kh2 Nb8 23. Qxc7+ 1-0

[Event "SR 2. liga A 2011/2012"]
[Site "?"]
[Date "2012.01.07"]
[Round "40.5"]
[White "Mikulas, Dusan"]
[Black "Krajnak, Robert"]
[Result "1-0"]
[WhiteElo "2142"]
[BlackElo "2094"]
[PlyCount "35"]
[EventDate "2011.??.??"]
[WhiteTeam "Slovakia"]
[BlackTeam "Slovakia"]
[WhiteTeamCountry "SVK"]
[BlackTeamCountry "SVK"]

1. e4 c5 2. Nf3 e6 3. d4 cxd4 4. Nxd4 Nc6 5. Nc3 d6 6. f4 Nf6 7. Nf3 Be7 8. Bd3
O-O 9. O-O e5 10. Qe1 a6 11. Kh1 b5 12. a3 exf4 13. Bxf4 Be6 14. Rd1 h6 15. e5
Nh5 16. Bxh6 d5 17. Bc1 g6 18. Be4 1-0

[Event "SR 2. liga A 2011/2012"]
[Site "?"]
[Date "2012.01.07"]
[Round "40.6"]
[White "Polacik, Igor"]
[Black "Kolman, Richard"]
[Result "1-0"]
[WhiteElo "2165"]
[BlackElo "2070"]
[PlyCount "111"]
[EventDate "2011.??.??"]
[WhiteTeam "Slovakia"]
[BlackTeam "Slovakia"]
[WhiteTeamCountry "SVK"]
[BlackTeamCountry "SVK"]

1. d4 d5 2. Nf3 c5 3. g3 Nc6 4. Bg2 Nf6 5. O-O e6 6. c4 Be7 7. cxd5 exd5 8. Nc3
O-O 9. Bf4 Bg4 10. dxc5 Bxc5 11. Bg5 Be6 12. Rc1 d4 13. Bxf6 gxf6 14. Ne4 Bb6
15. Qd2 f5 16. Nc5 Bxc5 17. Rxc5 Qf6 18. h3 Rad8 19. Ne1 Rd6 20. Nd3 Re8 21.
Rfc1 Bc8 22. b4 a6 23. a4 Bd7 24. Bf3 b6 25. R5c2 Ne5 26. Nxe5 Qxe5 27. a5 d3
28. exd3 Bb5 29. axb6 Rxb6 30. Rc8 Rxc8 31. Rxc8+ Kg7 32. d4 Qf6 33. d5 f4 34.
Qc3 fxg3 35. fxg3 Qxc3 36. Rxc3 Kf6 37. Kf2 Ke5 38. Rc7 Rf6 39. Ke3 Kd6 40. Rc5
Ke5 41. Rc7 Kd6 42. Rb7 Ke5 43. Rc7 {3-fold repetition} Kd6 {3-fold repetition}
44. Rc8 Ke5 45. h4 h6 46. Rc2 Ba4 47. Rc4 Bb3 48. Re4+ Kd6 49. Rd4 Rf5 50. g4
Re5+ 51. Kf4 Bxd5 52. Rxd5+ Rxd5 53. Bxd5 Kxd5 54. g5 hxg5+ 55. Kxg5 Ke4 56.
Kf6 1-0

[Event "SR 2. liga A 2011/2012"]
[Site "?"]
[Date "2012.01.07"]
[Round "41.1"]
[White "Peitl, Tomas"]
[Black "Petreje, Juraj"]
[Result "1-0"]
[WhiteElo "2214"]
[BlackElo "2175"]
[PlyCount "69"]
[EventDate "2011.??.??"]
[WhiteTeam "Slovakia"]
[BlackTeam "Slovakia"]
[WhiteTeamCountry "SVK"]
[BlackTeamCountry "SVK"]

1. e4 d6 2. d4 c6 3. Bd3 e5 4. Ne2 Ne7 5. Bg5 Qa5+ 6. Bd2 Qb6 7. Bc3 Ng6 8. Nd2
Be7 9. Nc4 Qc7 10. O-O O-O 11. Ne3 Bf6 12. f4 exd4 13. Nxd4 b5 14. Ne2 Bxc3 15.
Nxc3 Nd7 16. Qf3 Nc5 17. Rad1 b4 18. Ne2 Nxd3 19. Rxd3 f5 20. exf5 Bxf5 21.
Nxf5 Rxf5 22. g3 Raf8 23. Nd4 Ne5 24. Qe2 Nxd3 25. Nxf5 Rxf5 26. Qxd3 Qb6+ 27.
Kg2 Rd5 28. Qe2 h6 29. Qe8+ Kh7 30. f5 Rd2+ 31. Kh3 Qb5 32. Qg6+ Kg8 33. Re1
Re2 34. f6 Kf8 35. Qxg7+ {: 0} 1-0

[Event "SR 2. liga A 2011/2012"]
[Site "?"]
[Date "2012.01.07"]
[Round "41.3"]
[White "Oprea, Erik"]
[Black "Biro, Karol"]
[Result "1-0"]
[WhiteElo "2135"]
[BlackElo "2158"]
[PlyCount "101"]
[EventDate "2011.??.??"]
[WhiteTeam "Slovakia"]
[BlackTeam "Slovakia"]
[WhiteTeamCountry "SVK"]
[BlackTeamCountry "SVK"]

1. d4 d6 2. c4 e5 3. d5 g6 4. e4 Bg7 5. Nc3 Nf6 6. f3 O-O 7. Be3 Nh5 8. Qd2 f5
9. O-O-O Rf7 10. Bd3 f4 11. Bf2 Nd7 12. g4 fxg3 13. hxg3 a6 14. Kb1 Nf8 15. Be2
Bd7 16. Nh3 Qe8 17. Rdg1 b5 18. c5 b4 19. Nd1 Bb5 20. c6 Bxe2 21. Qxe2 h6 22.
Be1 a5 23. Ne3 Nf6 24. g4 Qc8 25. g5 N6h7 26. gxh6 Bxh6 27. Nf5 Bg7 28. Nxg7
Rxg7 29. Bh4 b3 30. a3 a4 31. Bg5 Rf7 32. Bh6 Qa6 33. Qe3 Qa7 34. Qe2 Qa6 35.
Qd1 Rf6 36. Rg3 Qc4 37. Nf2 Ra5 38. Ng4 Rf4 39. Bxf4 exf4 40. Nh6+ Kh8 41. Rg2
Rc5 42. Qd2 Kg7 43. Nf5+ Kf7 44. Nh6+ Ke7 45. Ng8+ Ke8 46. Rc1 Qb5 47. Rgg1
Rxc1+ 48. Rxc1 g5 49. Qc3 Kd8 50. Qg7 Kc8 51. Qe7 {: 0} 1-0

[Event "SR 2. liga A 2011/2012"]
[Site "?"]
[Date "2012.01.07"]
[Round "41.4"]
[White "Dolnak, Michal"]
[Black "Ochrana, Ladislav"]
[Result "1-0"]
[WhiteElo "2098"]
[BlackElo "2062"]
[PlyCount "63"]
[EventDate "2011.??.??"]
[WhiteTeam "Slovakia"]
[BlackTeam "Slovakia"]
[WhiteTeamCountry "SVK"]
[BlackTeamCountry "SVK"]

1. d4 d5 2. c4 dxc4 3. Nf3 c5 4. e3 cxd4 5. exd4 Qc7 6. Na3 c3 7. Nb5 Qb6 8.
Nxc3 e6 9. Bc4 Bb4 10. O-O Bxc3 11. bxc3 Qc7 12. Qe2 Ne7 13. Bd2 Nd7 14. Rfe1
Nf6 15. Rac1 a6 16. Bd3 b5 17. c4 bxc4 18. Rxc4 Qd8 19. Rb1 Bd7 20. Rc5 a5 21.
Ne5 O-O 22. Bg5 Ned5 23. Rxd5 exd5 24. Bxf6 gxf6 25. Qh5 h6 26. Qxh6 f5 27.
Nxd7 Qxd7 28. Qg5+ Kh8 29. Bxf5 Qd6 30. Rb3 Ra6 31. Rh3+ Qh6 32. Rxh6+ {: 0}
1-0

[Event "SR 2. liga A 2011/2012"]
[Site "?"]
[Date "2012.01.07"]
[Round "41.5"]
[White "Szollos, Ondrej"]
[Black "Kebis, Milos"]
[Result "0-1"]
[WhiteElo "2051"]
[BlackElo "2008"]
[PlyCount "104"]
[EventDate "2011.??.??"]
[WhiteTeam "Slovakia"]
[BlackTeam "Slovakia"]
[WhiteTeamCountry "SVK"]
[BlackTeamCountry "SVK"]

1. Nf3 Nf6 2. d3 d5 3. c3 c5 4. Qc2 Nc6 5. e4 e5 6. Be2 Be7 7. Nbd2 O-O 8. Nf1
Bg4 9. Ne3 Bc8 10. O-O d4 11. Nc4 Qc7 12. cxd4 Nxd4 13. Nxd4 cxd4 14. Qd1 Be6
15. Nd2 Rac8 16. Nf3 h6 17. Bd2 Nd7 18. Rc1 Qd6 19. a3 Qb6 20. b4 Qa6 21. Ra1
Rc7 22. Qb1 b6 23. Ne1 Rfc8 24. f4 f6 25. f5 Bf7 26. Bd1 b5 27. Bb3 Nb6 28.
Bxf7+ Kxf7 29. Qb3+ Kf8 30. Rf3 Na4 31. Rg3 Nc3 32. Bxc3 Rxc3 33. Qd1 Bd6 34.
Qg4 Qb7 35. Qd1 a5 36. h3 axb4 37. axb4 Bxb4 38. Kh2 Ba3 39. Nf3 Bc1 40. Nh4
Bf4 41. Ng6+ Kg8 42. Nxf4 exf4 43. Rg6 Qc7 44. Qf3 b4 45. Ra6 Kh7 46. Re6 Rc6
47. Rxc6 Qxc6 48. Qxf4 Qc7 49. e5 Re8 50. Qxd4 Rxe5 51. Rg3 b3 52. Qb4 Re3 {0 :
} 0-1

[Event "SR 2. liga A 2011/2012"]
[Site "?"]
[Date "2012.01.07"]
[Round "41.6"]
[White "Mandak, Miroslav"]
[Black "Antala, Jan"]
[Result "1/2-1/2"]
[WhiteElo "2003"]
[BlackElo "1987"]
[PlyCount "97"]
[EventDate "2011.??.??"]
[WhiteTeam "Slovakia"]
[BlackTeam "Slovakia"]
[WhiteTeamCountry "SVK"]
[BlackTeamCountry "SVK"]

1. d4 Nf6 2. Nf3 e6 3. Nbd2 d5 4. e3 c6 5. Bd3 b6 6. Ne5 Qc7 7. O-O a5 8. f4
Ba6 9. Ndf3 Bxd3 10. Qxd3 Bd6 11. Bd2 O-O 12. c4 Ne4 13. Be1 f6 14. Ng4 Qf7 15.
Nf2 f5 16. Qc2 Nd7 17. Nd3 Rfc8 18. Rc1 Qf8 19. Qa4 Qe8 20. Bh4 dxc4 21. Qxc4
b5 22. Qb3 a4 23. Qd1 c5 24. dxc5 Ndxc5 25. Nde5 Rc7 26. Qe2 Rac8 27. Rfd1 Nb7
28. Rxc7 Rxc7 29. Nd4 Bxe5 30. fxe5 Rc5 31. Nf3 Qc8 32. Be7 Rc1 33. a3 Qc4 34.
Qe1 Rxd1 35. Qxd1 Kf7 36. Bb4 Qd5 37. Qe2 Qc4 38. Qd1 Qd5 39. Qd4 Nbc5 40. Qxd5
exd5 41. Nd4 Nd3 42. e6+ Ke8 43. Nxb5 Nxb4 44. axb4 Ke7 45. Nd4 Nd6 46. b5 Nc4
47. g3 g6 48. h4 Kd6 49. Kh1 {remis} 1/2-1/2

[Event "SR 2. liga A 2011/2012"]
[Site "?"]
[Date "2012.01.07"]
[Round "41.7"]
[White "Hricak, Vasil"]
[Black "Povysil, Peter"]
[Result "1-0"]
[WhiteElo "1978"]
[BlackElo "1990"]
[PlyCount "57"]
[EventDate "2011.??.??"]
[WhiteTeam "Slovakia"]
[BlackTeam "Slovakia"]
[WhiteTeamCountry "SVK"]
[BlackTeamCountry "SVK"]

1. e4 e6 2. d4 d5 3. Nc3 Nf6 4. Bg5 Be7 5. e5 Nfd7 6. Bxe7 Qxe7 7. f4 a6 8. Nf3
c5 9. Bd3 Nc6 10. dxc5 Nxc5 11. O-O h6 12. a3 Bd7 13. b4 Nxd3 14. cxd3 O-O 15.
d4 Rfc8 16. Qd2 b5 17. f5 Qf8 18. Nh4 Ne7 19. f6 Ng6 20. Nxg6 fxg6 21. Rf3 gxf6
22. Rxf6 Qg7 23. Qd3 Kh7 24. Ne2 Rf8 25. Raf1 Rxf6 26. exf6 Qf7 27. h4 h5 28.
Nf4 Kh6 29. Nh3 {: 0} 1-0

[Event "SR 2. liga A 2011/2012"]
[Site "?"]
[Date "2012.01.07"]
[Round "41.8"]
[White "Holubcik, Marian"]
[Black "Sosovicka, Matej"]
[Result "1/2-1/2"]
[WhiteElo "2003"]
[BlackElo "1961"]
[PlyCount "44"]
[EventDate "2011.??.??"]
[WhiteTeam "Slovakia"]
[BlackTeam "Slovakia"]
[WhiteTeamCountry "SVK"]
[BlackTeamCountry "SVK"]

1. f4 d5 2. e3 Nf6 3. b3 c6 4. Bb2 Bf5 5. Nf3 Nbd7 6. Be2 e6 7. O-O Bd6 8. Ne5
h6 9. d4 Qe7 10. Nd2 O-O 11. c3 Ne4 12. Nxe4 Bxe4 13. Nxd7 Qxd7 14. Bd3 Bxd3
15. Qxd3 f5 16. a4 Qe7 17. c4 Kh8 18. g3 g5 19. Kf2 Rf7 20. Rh1 Rg8 21. Rag1
Rfg7 22. Bc1 Bc7 {remis} 1/2-1/2

[Event "SR 2. liga A 2011/2012"]
[Site "?"]
[Date "2012.01.07"]
[Round "42.1"]
[White "Banas, Kamil"]
[Black "Rachela, Jozef"]
[Result "1-0"]
[WhiteElo "2222"]
[BlackElo "2087"]
[PlyCount "115"]
[EventDate "2011.??.??"]
[WhiteTeam "Slovakia"]
[BlackTeam "Slovakia"]
[WhiteTeamCountry "SVK"]
[BlackTeamCountry "SVK"]

1. d4 d5 2. c4 c6 3. Nf3 Nf6 4. Nc3 e6 5. e3 Be7 6. Qc2 Nbd7 7. g4 g6 8. h3 a6
9. Bd3 dxc4 10. Bxc4 Qc7 11. Bd2 b5 12. Be2 Bb7 13. g5 Nh5 14. Ne4 O-O 15. Nh2
c5 16. O-O Ng7 17. dxc5 Bxe4 18. Qxe4 Qxc5 19. h4 Qe5 20. Qxe5 Nxe5 21. Bc3 Nc6
22. Bf3 Rac8 23. Rac1 Nf5 24. Ng4 h5 25. Nf6+ Bxf6 26. Bxf6 Nfe7 27. Rc5 Nd5
28. Bxd5 exd5 29. a3 Na5 30. Rxd5 Rc4 31. f4 Re4 32. Kf2 Nc4 33. Re1 Rfe8 34.
Bd4 R4e6 35. Re2 Nd6 36. Be5 Nf5 37. e4 Ne7 38. Rc5 Nc6 39. Bf6 Na5 40. Rc7 Nc4
41. Ra7 Nd6 42. Be5 Nc4 43. Kf3 Nxe5+ 44. fxe5 Kf8 45. Kf4 Kg8 46. b4 Kf8 47.
Re3 Kg8 48. Rd7 Rxe5 49. Rd6 R8e6 50. Rxe6 Rxe6 51. Rc3 Kf8 52. e5 Ke8 53. Ke4
Kd7 54. Kd5 Re8 55. Rc6 Re6 56. Rd6+ Ke7 57. Rxe6+ fxe6+ 58. Ke4 1-0

[Event "SR 2. liga A 2011/2012"]
[Site "?"]
[Date "2012.01.07"]
[Round "42.2"]
[White "Lesny, Stefan"]
[Black "Matejovic, Juraj"]
[Result "0-1"]
[WhiteElo "2074"]
[BlackElo "2243"]
[PlyCount "104"]
[EventDate "2011.??.??"]
[WhiteTeam "Slovakia"]
[BlackTeam "Slovakia"]
[WhiteTeamCountry "SVK"]
[BlackTeamCountry "SVK"]

1. e4 c5 2. f4 d5 3. e5 Nc6 4. c3 Bf5 5. Na3 e6 6. Nc2 h5 7. Ne3 Bg6 8. d3 Nge7
9. Nf3 d4 10. Nc2 Nf5 11. c4 h4 12. Ng5 Be7 13. Ne4 f6 14. exf6 gxf6 15. Be2
Qc7 16. Bf3 O-O-O 17. Qe2 Ne3 18. Bxe3 dxe3 19. Qxe3 Qa5+ 20. Ke2 Rhe8 21. Rhd1
f5 22. Nf2 e5 23. Bxc6 bxc6 24. Kf1 Bd6 25. Qf3 Qc7 26. a3 exf4 27. d4 Rh8 28.
Qh3 f3 29. Qxf3 Bxh2 30. dxc5 Rdf8 31. Qd3 Bg3 32. Nh3 Bh5 33. Rd2 Bg4 34. Nb4
Bxh3 35. gxh3 Qf4+ 36. Kg2 Rd8 37. Nd5 cxd5 38. cxd5 Qe4+ 39. Qxe4 fxe4 40.
Rad1 Rhg8 41. Re2 e3 42. Kf3 Bf2 43. Ke4 Rge8+ 44. Kf5 Rf8+ 45. Ke5 Rfe8+ 46.
Kf5 Bg3 47. b4 Re5+ 48. Kf6 Rf8+ 49. Kg7 Rf2 50. Rde1 Rg5+ 51. Kh6 Rxe2 52.
Rxe2 Bf4 0-1

[Event "SR 2. liga A 2011/2012"]
[Site "?"]
[Date "2012.01.07"]
[Round "42.3"]
[White "Federic, Jozef"]
[Black "Takacs, Laszlo"]
[Result "1-0"]
[WhiteElo "2270"]
[BlackElo "1976"]
[PlyCount "79"]
[EventDate "2011.??.??"]
[WhiteTeam "Slovakia"]
[BlackTeam "Slovakia"]
[WhiteTeamCountry "SVK"]
[BlackTeamCountry "SVK"]

1. d4 Nf6 2. g3 g6 3. Bg2 Bg7 4. e4 d6 5. Ne2 O-O 6. h3 e5 7. O-O Nbd7 8. Nbc3
c6 9. Be3 Re8 10. a4 Nb6 11. b3 Qc7 12. Qd2 Be6 13. Rad1 Rad8 14. f4 Bc8 15. g4
Qe7 16. Qe1 exd4 17. Bxd4 Nfd7 18. Bf2 Nc5 19. Qd2 f5 20. exf5 gxf5 21. gxf5
Bxf5 22. Ng3 Bg6 23. f5 Bf7 24. Rde1 Qf8 25. Nce4 Nxe4 26. Nxe4 Nd5 27. Qg5 Kh8
28. c4 Nb4 29. Rd1 h6 30. Qh4 Be5 31. Be3 h5 32. Bg5 d5 33. Bxd8 Rxd8 34. Ng5
Bf6 35. Qf4 dxc4 36. Rxd8 Bxd8 37. bxc4 Qc5+ 38. Kh1 Qxc4 39. Nxf7+ Qxf7 40.
Qxb4 1-0

[Event "SR 2. liga A 2011/2012"]
[Site "?"]
[Date "2012.01.07"]
[Round "42.4"]
[White "Obdrzalkova, Anita"]
[Black "Federic, Pavol"]
[Result "0-1"]
[WhiteElo "1994"]
[BlackElo "2219"]
[PlyCount "116"]
[EventDate "2011.??.??"]
[WhiteTeam "Slovakia"]
[BlackTeam "Slovakia"]
[WhiteTeamCountry "SVK"]
[BlackTeamCountry "SVK"]

1. d4 Nf6 2. Nf3 d5 3. c4 c6 4. e3 Bg4 5. h3 Bh5 6. Be2 e6 7. O-O Bd6 8. Nbd2
O-O 9. b3 Nbd7 10. Bb2 Qa5 11. a3 Rae8 12. b4 Qd8 13. Rc1 Ne4 14. Re1 f5 15.
Ne5 Bxe2 16. Qxe2 Nxd2 17. Qxd2 Bb8 18. f4 Nf6 19. a4 Ne4 20. Qe2 Bxe5 21. dxe5
dxc4 22. Rxc4 Qh4 23. Rd1 Rd8 24. Rcd4 Rxd4 25. Rxd4 Rd8 26. Rxd8+ Qxd8 27. Bd4
b6 28. Qc4 Qc8 29. a5 c5 30. axb6 axb6 31. Kh2 Kf7 32. Qc1 Qc6 33. bxc5 bxc5
34. Qc4 Qb6 35. Bc3 Nxc3 36. Qxc3 Qb5 37. Qd2 c4 38. Kg3 Kg6 39. Qd6 Qd5 40.
Qe7 h6 41. h4 Qc6 42. Qa3 c3 43. Kf2 c2 44. Qc1 Qe4 45. g3 Qd3 46. Ke1 Kh5 47.
Qd2 Qxd2+ 48. Kxd2 Kg4 49. Kxc2 Kxg3 50. Kd3 h5 51. Kd4 Kxh4 52. Kc5 Kg4 53.
Kd6 h4 54. Kxe6 h3 55. Kf7 h2 56. e6 h1=Q 57. e7 Qh5+ 58. Kf8 Kf3 0-1

[Event "SR 2. liga A 2011/2012"]
[Site "?"]
[Date "2012.01.07"]
[Round "42.5"]
[White "Dugovic, Branislav"]
[Black "Merva, Frantisek"]
[Result "1-0"]
[WhiteElo "2147"]
[BlackElo "2047"]
[PlyCount "63"]
[EventDate "2011.??.??"]
[WhiteTeam "Slovakia"]
[BlackTeam "Slovakia"]
[WhiteTeamCountry "SVK"]
[BlackTeamCountry "SVK"]

1. Nf3 Nf6 2. b3 c5 3. Bb2 Nc6 4. e3 d6 5. d4 Bf5 6. a3 Rc8 7. d5 Nb8 8. Bb5+
Nbd7 9. O-O a6 10. Bd3 Bg4 11. c4 Ne5 12. Be2 Bxf3 13. Bxf3 g6 14. Be2 Bg7 15.
f4 Ned7 16. e4 O-O 17. e5 Ne8 18. Bg4 Rc7 19. Qe2 f5 20. exf6 exf6 21. Be6+ Kh8
22. f5 g5 23. Qh5 Ne5 24. Nd2 Nd3 25. Bc3 Nf4 26. Rxf4 gxf4 27. Rf1 Re7 28.
Rxf4 Qc7 29. Rh4 h6 30. Qg6 b6 31. Rxh6+ Bxh6 32. Qxh6+ 1-0

[Event "SR 2. liga A 2011/2012"]
[Site "?"]
[Date "2012.01.07"]
[Round "42.6"]
[White "Koloditsova, Renata"]
[Black "Mydlarik, Martin"]
[Result "0-1"]
[WhiteElo "1839"]
[BlackElo "2136"]
[PlyCount "78"]
[EventDate "2011.??.??"]
[WhiteTeam "Slovakia"]
[BlackTeam "Slovakia"]
[WhiteTeamCountry "SVK"]
[BlackTeamCountry "SVK"]

1. d4 Nf6 2. c4 e6 3. Nf3 d5 4. Nc3 Be7 5. Bg5 O-O 6. e3 b6 7. Bd3 dxc4 8. Bxc4
Bb7 9. O-O Nbd7 10. Qe2 Ne4 11. Nxe4 Bxe4 12. Bf4 Bd6 13. Bxd6 cxd6 14. Rac1
Nf6 15. Ba6 Qd7 16. Nd2 Bb7 17. Rc2 Rac8 18. Rfc1 Rxc2 19. Rxc2 Qa4 20. Bd3
Qxa2 21. Rc7 Bc8 22. Nb1 Ba6 23. Bxa6 Qxb1+ 24. Qf1 Qxb2 25. Rxa7 Rb8 26. Bb5
Rc8 27. g3 g6 28. Ra1 Ne4 29. Bd3 Nc3 30. Kg2 b5 31. Ra7 b4 32. Kh3 b3 33. Qh1
Qxf2 34. Qb7 Rf8 35. Qxb3 Nd5 36. e4 Nf4+ 37. gxf4 Qf3+ 38. Kh4 h5 39. Kg5 Qg4+
0-1

[Event "SR 2. liga A 2011/2012"]
[Site "?"]
[Date "2012.01.07"]
[Round "42.7"]
[White "Kundrak, Vladimir"]
[Black "Kahancova, Jana"]
[Result "1-0"]
[WhiteElo "1957"]
[BlackElo "1670"]
[PlyCount "71"]
[EventDate "2011.??.??"]
[WhiteTeam "Slovakia"]
[BlackTeam "Slovakia"]
[WhiteTeamCountry "SVK"]
[BlackTeamCountry "SVK"]

1. b3 e5 2. Bb2 Nc6 3. e3 d6 4. Bb5 Bd7 5. Nf3 a6 6. Be2 Nf6 7. d4 exd4 8. Nxd4
Be7 9. O-O O-O 10. c4 Re8 11. Nc3 Bf8 12. Rc1 Ne7 13. Qc2 Ng6 14. Rfd1 Qc8 15.
Nd5 Nxd5 16. cxd5 c5 17. dxc6 bxc6 18. Nxc6 Bxc6 19. Qxc6 Qxc6 20. Rxc6 a5 21.
Ba3 Red8 22. Bxd6 Bxd6 23. Rcxd6 Rxd6 24. Rxd6 f6 25. Bc4+ Kf8 26. f4 Ke7 27.
Ra6 Rxa6 28. Bxa6 Kd6 29. a3 Ne7 30. Kf2 h6 31. Bb7 Nd5 32. Bxd5 Kxd5 33. Ke2
g6 34. Kd3 f5 35. b4 axb4 36. axb4 1-0